| 000 | 00355nam a22001457a 4500 | ||
|---|---|---|---|
| 008 | 230508b ||||| |||| 00| 0 eng d | ||
| 020 | _a9781439084632 | ||
| 041 | _aeng | ||
| 080 |
_2VOLUME 2 _a94 |
||
| 082 | _a94LOC | ||
| 100 | _a28 | ||
| 101 | _aHISTORI | ||
| 245 |
_aWHAT'S INSIDE AN INNOVATIVE APPROACH TO TEACHING _cLOCKARD.A.C |
||
| 942 |
_2udc _cBK |
||
| 999 |
_c59660 _d59660 |
||